[Event "Galapagar op 10th"]
[Site "Galapagar"]
[Date "2009.07.22"]
[Round "5"]
[White "Olias Munoz, Francisco"]
[Black "Guijarro Iniesta, Hipolito"]
[Result "1/2-1/2"]
[WhiteElo "1929"]
[BlackElo "1802"]
[PlyCount "76"]
[EventDate "2009.07.18"]
[EventType "swiss"]
[EventRounds "9"]
[EventCountry "ESP"]
[SourceTitle "EXT 2010"]
[Source "ChessBase"]
[SourceDate "2010.11.25"]
[SourceVersion "1"]
[SourceVersionDate "2010.11.25"]
[SourceQuality "1"]

1. e4 e5 2. Nf3 Nc6 3. Bc4 Bc5 4. c3 Bd6 5. 0-0 Nf6 6. Re1 0-0 7. d4 h6 8. d5 Ne7 9. Bd3 Ng6 10. Nbd2 Be7 11. Nf1 d6 12. Ng3 c6 13. c4 cxd5 14. exd5 Bg4 15. Bxg6 fxg6 16. Qd3 Bxf3 17. Qxf3 Rc8 18. b3 Nh7 19. Qd3 Qe8 20. Re2 Qf7 21. Bd2 Bh4 22. Ne4 Qf5 23. f3 Be7 24. Rf1 g5 25. g4 Qg6 26. Kg2 Nf6 27. Nxf6+ Qxf6 28. Qe4 Bd8 29. Be3 Bb6 30. a4 Ba5 31. Rb2 Bb4 32. h3 a5 33. Bd2 Bxd2 34. Rxd2 Qe7 35. Re2 Rf4 36. Qd3 Qc7 37. Re4 Rcf8 38. Rxf4 Rxf4 1/2-1/2